Flagi republik związkowych ZSRR - Statystyki

Ogólne statystyki
  • Ten quiz został rozwiązany 124 razy
  • Średni wynik to 10 z 15
Statystyki odpowiedzi
Obrazkowy Odpowiedź % Poprawnych
Białoruś
97%
Armenia
78%
Estonia
76%
Ukraina
70%
Łotwa
69%
Gruzja
68%
Kazachstan
67%
Rosja
66%
Azerbejdżan
65%
Litwa
65%
Mołdawia
62%
Kirgistan
60%
Tadżykistan
59%
Turkmenistan
59%
Uzbekistan
57%
Nie znaleziono quizów pasujących do podanych kryteriów
Rozkład punktacji
Procent ludzi z każdym wynikiem
Percentyl według liczby udzielonych odpowiedzi
Twoja historia wyników
Nie rozwiązałeś tego quizu